| 000 | 01002nam a2200289 i 4500 | ||
|---|---|---|---|
| 001 | bg | ||
| 003 | BPK | ||
| 005 | 20211118080000.0 | ||
| 008 | 970513s1992 pl a f f |000 0 pol | ||
| 015 | _aPB 1992/6284 | ||
| 040 |
_aWA N _cBPK |
||
| 080 | _a53.08 | ||
| 080 | _a531.7 | ||
| 080 | _a(075.8) | ||
| 100 | 1 |
_aAdamczak, Stanisław _d(1948- ) _eAutor |
|
| 245 | 1 | 0 |
_aĆwiczenia laboratoryjne z podstaw metrologii / _cStanisław Adamczak, Ewa Sender. |
| 260 |
_aKielce : _bDział Wydawnictw PŚ, _c1992. |
||
| 300 |
_a105 s. : _brys., wykr. ; _c24 cm. |
||
| 490 | 1 |
_aSkrypty Uczelniane Politechniki Świętokrzyskiej, _x0239-6386 ; _vnr 216. |
|
| 504 | _aBibliogr. s. 86-87. | ||
| 655 | 4 | _aPodręczniki akademickie | |
| 650 | 4 | _aPomiary | |
| 700 | 1 | _aSender, Ewa. | |
| 830 | 0 |
_aSkrypty Uczelniane Politechniki Świętokrzyskiej, _vnr 216. |
|
| 856 |
_uhttp://koha.tu.koszalin.pl/cgi-bin/koha/opac-detail.pl?biblionumber=5398 _yKatalog online BPK |
||
| 942 |
_2UKD _cKS |
||
| 999 |
_c5398 _d5398 |
||